Janthukkalum naattarivum (Record no. 42308)
[ view plain ]
| 000 -LEADER | |
|---|---|
| fixed length control field | 00364nam a2200145Ia 4500 |
| 020 ## - INTERNATIONAL STANDARD BOOK NUMBER | |
| ISBN | 8126407514 |
| 082 ## - DEWEY DECIMAL CLASSIFICATION NUMBER | |
| Classification number | 030 |
| Item number | NAT.5 |
| 100 ## - MAIN ENTRY--AUTHOR NAME | |
| Personal name | Rajagopalan, C R |
| 245 #0 - TITLE STATEMENT | |
| Title | Janthukkalum naattarivum |
| 260 ## - PUBLICATION, DISTRIBUTION, ETC. (IMPRINT) | |
| Place of publication | Kottayam |
| Name of publisher | D C Books |
| Year of publication | 2004 |
| 490 ## - SERIES STATEMENT | |
| Series statement | Naattarivukal. 5 |
| 700 ## - ADDED ENTRY--PERSONAL NAME | |
| Personal name | Vasusarma, Manju |
| 942 ## - ADDED ENTRY ELEMENTS (KOHA) | |
| Koha item type | Books |
| Withdrawn status | Lost status | Damaged status | Not for loan | Home library | Current library | Date acquired | Cost, normal purchase price | Full call number | Accession Number | Koha item type |
|---|---|---|---|---|---|---|---|---|---|---|
| RRII Library | RRII Library | 16/12/2021 | 65.00 | 030 NAT.5 | 22582 | Books |